000
00350nam a2200145Ia 4500
008
151213s9999 xx 000 0 und d
100
_a
A. B. Abel
245
_a
Macro Economics
_c
A. B. Abel
260
_a
New York
_b
Addison Wesley
_c
1992
300
_a
2646 p.
650
_a
Economics
650
_a
Economics
700
_a
A. B. Abel
999
_c
1758
_d
1758